000 00580nam a2200205Ia 4500
005 20250508161455.0
008 008 250505s9999 xx 000 0 eng d
037 _aTextual
040 _aFEDL
_beng
_cFEDL
041 _aeng
_2eng
084 _a370.15, BRU
_qFEDL
100 _aCole Lawrence E.
245 0 _aEducational psychology
260 _aBombay, India
_bThe Times of India Press
_c1966
300 _axiv,701p.
650 _aEducation - Psychology
700 _a Bruce William F.
_9770769
942 _cTEXL
_h370.15, BRU
999 _c1370171
_d1370171